书目信息 |
| 题名: |
中国的危机与思考
|
|
| 作者: | 黎鸣 主编 | |
| 分册: | ||
| 出版信息: | 天津 天津人民出版社 1989.02 |
|
| 页数: | 475页 | |
| 开本: | 20cm | |
| 丛书名: | ||
| 单 册: | ||
| 中图分类: | D602 | |
| 科图分类: | ||
| 主题词: | 政治--中国 | |
| 电子资源: | ||
| ISBN: | 7-201-00321-6 | |
| 000 | 00538nam0 2200193 45 | |
| 001 | 0404211763 | |
| 005 | 20040421171937.0 | |
| 010 | @a7-201-00321-6@dCNY6.00 | |
| 100 | @a20040421d1989 km y0chiy0120 ea | |
| 101 | 0 | @achi |
| 105 | @a z 000yy | |
| 200 | 1 | @a中国的危机与思考@AZhong Guo De Wei Ji Yu Si Kao@f黎鸣主编@FLi Ming Zhu Bian |
| 210 | @a天津@c天津人民出版社@d1989.02 | |
| 215 | @a475页@d20cm | |
| 606 | 0 | @a政治@x中国 |
| 690 | @aD602@v3 | |
| 701 | 0 | @a黎鸣@4主编 |
| 801 | @aCN@bPftUser@c20040421 | |
| 905 | @f1@b220110@dD602@e33 | |
| 中国的危机与思考/黎鸣主编.-天津:天津人民出版社,1989.02 |
| 475页;20cm |
| ISBN 7-201-00321-6:CNY6.00 |
| ● |
| 相关链接 |
|
|
|
|
正题名:中国的危机与思考
索取号:D602/33
 
预约/预借
| 序号 | 登录号 | 条形码 | 馆藏地/架位号 | 状态 | 备注 |
| 1 | 0220110 | 000485139 | 第一借阅区/ [索取号:D602/33] | 在馆 |